书目信息 |
| 题名: |
看不见的剪辑
|
|
| 作者: | 奥斯廷 著 ;张晓元 , 丁舟洋 译 | |
| 分册: | ||
| 出版信息: | 北京 北京联合出版公司 2016.05 |
|
| 页数: | 331页 | |
| 开本: | 23cm | |
| 丛书名: | 后浪电影学院 | |
| 单 册: | ||
| 中图分类: | J932 | |
| 科图分类: | ||
| 主题词: | 电影--剪辑 | |
| 电子资源: | ||
| ISBN: | 978-7-5502-7347-4 | |
| 000 | 01298oam2 2200337 450 | |
| 001 | 012016063383 | |
| 005 | 20170502101731.64 | |
| 010 | @a978-7-5502-7347-4@dCNY42.00 | |
| 100 | @a20160526d2016 em y0chiy50 ea | |
| 101 | 1 | @achi@ceng |
| 102 | @aCN@b110000 | |
| 105 | @aa z 000yy | |
| 106 | @ar | |
| 200 | 1 | @a看不见的剪辑@9kan bu jian de jian ji@f(美)鲍比·奥斯廷(Bobbie O'Steen)著@g张晓元,丁舟洋译 |
| 205 | @a修订版 | |
| 210 | @a北京@c北京联合出版公司@d2016.05 | |
| 215 | @a331页@c图@d23cm | |
| 225 | 2 | @a后浪电影学院@v039 |
| 308 | @a丛书第三期 | |
| 312 | @a版权页英文题名:Invisible cut: how editors make movie magic | |
| 330 | @a本书为我们揭开了电影剪辑世界的幕布,以充满趣味性的笔触展示了剪辑这门神秘艺术的魅力所在。出身剪辑世家的鲍比·奥斯廷运用自己浸淫专业领域多年的实践经验和诸多世界一流剪辑师的作品为案例,阐释了剪辑师究竟施展了什么样的魔法,来使观众对电影笃信不疑。 | |
| 333 | @a大众读者 | |
| 461 | 0 | @12001 @a后浪电影学院@v039 |
| 510 | 1 | @aInvisible cut: how editors make movie magic@zeng |
| 606 | 0 | @a电影@x剪辑 |
| 690 | @aJ932@v5 | |
| 701 | 0 | @c(美)@a奥斯廷@9ao si ting@c(O'Steen, Bobbie)@4著 |
| 702 | 0 | @a张晓元@9zhang xiao yuan@4译 |
| 702 | 0 | @a丁舟洋@9ding zhou yang@4译 |
| 801 | 0 | @aCN@b人天书店@c20160526 |
| 905 | @b989565-68@dJ932@e320=2@f4 | |
| 看不见的剪辑/(美)鲍比·奥斯廷(Bobbie O'Steen)著/张晓元,丁舟洋译.-修订版.-北京:北京联合出版公司,2016.05 |
| 331页:图;23cm.-(后浪电影学院;039) |
| 使用对象:大众读者 |
| ISBN 978-7-5502-7347-4:CNY42.00 |
| 本书为我们揭开了电影剪辑世界的幕布,以充满趣味性的笔触展示了剪辑这门神秘艺术的魅力所在。出身剪辑世家的鲍比·奥斯廷运用自己浸淫专业领域多年的实践经验和诸多世界一流剪辑师的作品为案例,阐释了剪辑师究竟施展了什么样的魔法,来使观众对电影笃信不疑。 |
| ● |
| 相关链接 |
|
|
|
|
正题名:看不见的剪辑
索取号:J932/320=2
 
预约/预借
| 序号 | 登录号 | 条形码 | 馆藏地/架位号 | 状态 | 备注 |
| 1 | 989565 | 209895657 | 第一样本阅览室/ [索取号:J932/320=2] | 在馆 | |
| 2 | 989566 | 209895666 | 第一借阅区/ [索取号:J932/320=2] | 在馆 | |
| 3 | 989567 | 209895675 | 第一借阅区/ [索取号:J932/320=2] | 在馆 | |
| 4 | 989568 | 209895684 | 美术系资料室/ [索取号:J932/320=2] | 在馆 |